British History Quiz #3 (medieval) - Statistics

General Stats
  • This quiz has been taken 280 times
    271 since last reset
  • The average score is 9 of 20
Answer Stats
Hint Answer % Correct
What disease killed approximately a third to a half of the European population Black death
99%
What is the name of the second oldest university in England founded in 1209 Cambridge
86%
What document established the principle of the king being subject to law Magna Carta
84%
Which duchess of Aquitaine was both the queen of France and of England Eleanor of Aquitaine
72%
The capture of which city by Saladin prompted the third crusade with Richard I as one of the leaders Jerusalem
69%
What is the name of the cadet branch, of the house of Ingelger, whose first member to rule England was Henry II and last was Richard III Plantagenet
59%
Which battle of the 100 years war took place of Saint Crispin's Day in 1415 Agincourt
57%
Nickname of the English king who conquered Wales Longshanks
51%
What is the son of Edward III more commonly known as The Black prince
50%
Which English king claimed the throne of France starting the 100 years war Edward III
49%
What order of chivalry was founded by Edward III in 1348 The Order of the Garter
40%
The name of what empire is often used to describe the combined French and English territories controlled by the English monarch Angevin empire
33%
Who was the leader of the peasants revolt in 1381 Wat Tyler
32%
In which battle was the above said to have won his spurs Crecy
24%
In which Welsh castle was Edward II born Caernarfon
21%
What type of bird feathers are still used as the heraldic badge of the prince of Wales to this day Ostrich
19%
What's the name, given by the catholic church, of the group who first translated the bible into English 1382 Lollards
12%
Who was the above's groups leader who was expelled from oxford for heresy John Wycliffe
10%
What blind King's bravery was respected from the prince of Wales by making his heraldic badge three bird feathers John of Bohemia
9%
Which battle of the third crusade allowed Richard to occupy the city of Joppa/Jaffa Arsuf
4%
No matching quizzes found
Score Distribution
Percent of People with Each Score
Percentile by Number Answered
Your Score History
You have not taken this quiz since the last reset